Drapeaux avec des étoiles - Statistiques

Statistiques générales
  • Ce quiz a été pris 122 fois
  • Le résultat moyen est 37 sur 69
Statistiques - réponses
Réponse % Correct
Australie 🇦🇺
92%
États-Unis 🇺🇸
91%
Nouvelle-Zélande 🇳🇿
87%
Chine 🇨🇳
82%
Maroc 🇲🇦
80%
Algérie 🇩🇿
79%
Tunisie 🇹🇳
76%
Somalie 🇸🇴
71%
Turquie 🇹🇷
71%
Viêt Nam 🇻🇳
68%
Brésil 🇧🇷
67%
Venezuela 🇻🇪
66%
Cuba 🇨🇺
65%
Bosnie-Herzégovine 🇧🇦
64%
Libye 🇱🇾
64%
Ghana 🇬🇭
62%
Sénégal 🇸🇳
62%
États fédérés de Micronésie 🇫🇲
61%
Panama 🇵🇦
61%
Chili 🇨🇱
60%
Honduras 🇭🇳
60%
Cameroun 🇨🇲
59%
Malaisie 🇲🇾
59%
Samoa 🇼🇸
58%
Syrie 🇸🇾
58%
Pakistan 🇵🇰
55%
Singapour 🇸🇬
55%
Israël 🇮🇱
54%
Ouzbékistan 🇺🇿
54%
Turkménistan 🇹🇲
54%
Corée du Nord 🇰🇵
53%
Djibouti 🇩🇯
53%
Liberia 🇱🇷
53%
Mauritanie 🇲🇷
53%
Angola 🇦🇴
52%
Tuvalu 🇹🇻
51%
Azerbaïdjan 🇦🇿
49%
Nauru 🇳🇷
49%
Slovénie 🇸🇮
49%
Tadjikistan 🇹🇯
49%
Éthiopie 🇪🇹
48%
Soudan du Sud 🇸🇸
48%
Guinée-Bissau 🇬🇼
47%
Népal 🇳🇵
47%
Togo 🇹🇬
47%
Îles Marshall 🇲🇭
46%
Comores 🇰🇲
45%
Birmanie 🇲🇲
44%
Jordanie 🇯🇴
44%
Cap-Vert 🇨🇻
42%
Croatie 🇭🇷
42%
Guinée équatoriale 🇬🇶
42%
Sao Tomé-et-Principe 🇸🇹
41%
Suriname 🇸🇷
41%
Zimbabwe 🇿🇼
41%
Burkina Faso 🇧🇫
40%
Burundi 🇧🇮
40%
Kosovo 🇽🇰
39%
Paraguay 🇵🇾
38%
Saint-Christophe-et-Niévès 🇰🇳
36%
Salomon 🇸🇧
36%
Dominique 🇩🇲
35%
Papouasie-Nouvelle-Guinée 🇵🇬
35%
République démocratique du Congo 🇨🇩
34%
Grenade 🇬🇩
33%
Moldavie 🇲🇩
33%
Philippines 🇵🇭
33%
Timor oriental 🇹🇱
33%
République centrafricaine 🇨🇫
16%
Aucun quiz correspondant
Distribution des résultats
% des personnes avec chaque résultat
Percentile par nombre de réponses
Votre historique - résultats
Vous n’avez pas pris ce quiz